Statistiques concernant Les meilleurs buteurs de l'histoire de Newcastle United

Cliquez ici pour prendre le quiz!

Statistiques générales

  • Ce quiz a été pris 12 fois
  • Le résultat moyen est 1 sur 10

Statistiques - réponses

ButsNationalitéJoueur% Correct
206AngleterreAlan Shearer
100%
79Nigéria / AngleterreShola Ameobi
10%
113ÉcosseBobby Mitchell
0%
91ChiliGeorge Robledo
0%
201AngleterreJackie Milburn
0%
73AngleterreJack Smith
0%
153AngleterreLen White
0%
121AngleterreMalcolm Macdonald
0%
121AngleterrePeter Beardsley
0%
97AngleterrePop Robson
0%

Distribution des résultats

Percentile par nombre de réponses

% des personnes avec chaque résultat

Votre développement - résultats

Vous n’avez pas pris ce quiz